[Event "4NCL Online Division 5"]
[Site "online"]
[Date "2021.08.24"]
[EventDate "2021.08.24"]
[Round "1.134"]
[White "Hill, Ollie"]
[WhiteElo "1724"]
[WhiteTeam "Hebden Bridge 2"]
[Black "Horton, John G"]
[BlackElo "1724"]
[BlackTeam "Morpeth"]
[Result "0-1"]
[PlyCount "126"]

1. d4 Nf6 2. Bg5 e6 3. e4 Be7 4. e5 Nd5 5. Bxe7 Qxe7 6. c4 Nf4 7. Qd2 Ng6 8. Nf3 b6 9. h4 Bb7 10. h5 Bxf3 11. hxg6 Be4 12. gxf7+ Qxf7 13. Nc3 Bb7 14. O-O-O Nc6 15. f3 O-O-O 16. Rh4 Rdf8 17. Na4 Qe7 18. Rg4 h5 19. Rg3 h4 20. Rh3 Nb4 21. a3 Nc6 22. c5 Rf5 23. g4 Rf7 24. b4 Nd8 25. cxb6 axb6 26. Qc3 Kb8 27. Rd2 Qg5 28. Kb1 d6 29. exd6 cxd6 30. Rc2 Ka7 31. Bd3 Rhf8 32. Be4 d5 33. Nxb6 Nc6 34. Qc5 Kb8 35. b5 dxe4 36. Nd7+ Rxd7 37. bxc6 Qxc5 38. Rxc5 Bxc6 39. Rxc6 Rxd4 40. Rxe6 exf3 41. Re1 Rd2 42. Rf1 f2 43. Kc1 Re2 44. Kd1 Ra2 45. Rxh4 Ra1+ 46. Ke2 Rxa3 47. Rxf2 Ra2+ 48. Ke3 Rfxf2 49. Rh8+ Kc7 50. Rg8 Kd6 51. Rxg7 Rae2+ 52. Kd3 Rd2+ 53. Ke3 Rg2 54. g5 Ra2 55. Kf3 Ke5 56. Rg8 Kf5 57. Rf8+ Kg6 58. Rg8+ Kh7 59. Re8 Rxg5 60. Kf4 Rg7 61. Re5 Ra4+ 62. Kf3 Rf7+ 63. Ke3 Kg6 0-1

[Event "4NCL Online Division 5"]
[Site "online"]
[Date "2021.08.24"]
[EventDate "2021.08.24"]
[Round "1.141"]
[White "Badacsonyi, Stanley"]
[WhiteElo "1605"]
[WhiteTeam "MHJ Bishops"]
[Black "Lusha, Knedri"]
[BlackElo "2000"]
[BlackTeam "QMUL A"]
[Result "0-1"]
[PlyCount "94"]

1. d4 d5 2. Nc3 c6 3. Bf4 Nf6 4. e3 Bf5 5. f3 h5 6. Bd3 Bxd3 7. Qxd3 e6 8. Nge2 c5 9. dxc5 Nc6 10. O-O-O Bxc5 11. e4 Qb6 12. exd5 Nb4 13. Qc4 Nbxd5 14. Nxd5 Nxd5 15. Kb1 Rc8 16. Rxd5 exd5 17. Qxd5 O-O 18. Qxh5 Ba3 19. Bc1 Qf2 20. f4 Rfe8 21. Nc3 Rxc3 22. Qd1 Rcc8 23. bxa3 Red8 24. Qf3 Qxc2+ 25. Ka1 Rc6 26. Qb3 Qxg2 27. Re1 Qxh2 28. f5 Rdc8 29. Bb2 Rb6 30. Be5 Qxe5+ 31. Rxe5 Rxb3 32. axb3 Rc7 33. Kb2 Kh7 34. b4 g5 35. fxg6+ fxg6 36. a4 Rg7 37. Rg5 Kh6 38. Rg3 Kh5 39. Kc3 g5 40. Kd4 g4 41. Ke5 Kh4 42. Rg1 g3 43. Kf4 g2 44. Kf3 Kh3 45. Kf2 Kh2 46. Rc1 g1=Q+ 47. Rxg1 Rxg1 0-1

[Event "4NCL Online Division 5"]
[Site "online"]
[Date "2021.08.24"]
[EventDate "2021.08.24"]
[Round "1.142"]
[White "Kafetzopoulos, Anastasis"]
[WhiteElo "1995"]
[WhiteTeam "QMUL A"]
[Black "Karia, Kamlesh"]
[BlackElo "1560"]
[BlackTeam "MHJ Bishops"]
[Result "1-0"]
[PlyCount "99"]

1. d4 Nf6 2. c4 g6 3. Nc3 Bg7 4. e4 d6 5. Be2 O-O 6. Nf3 c5 7. d5 e6 8. O-O exd5 9. cxd5 Re8 10. Nd2 Nbd7 11. Qc2 a6 12. a4 Rb8 13. h3 Nf8 14. a5 h6 15. Nc4 Qe7 16. Bf3 N6d7 17. Bf4 Ne5 18. Nxe5 dxe5 19. Be3 Qd6 20. Na4 Nd7 21. Nxc5 Bf8 22. b4 Nf6 23. Rfc1 Bd7 24. Nxd7 Qxd7 25. Bc5 Rbc8 26. Qd3 Bd6 27. Bd1 Qe7 28. Ba4 Rf8 29. Qe3 Kg7 30. Rc3 Nd7 31. Bxd7 Qxd7 32. Rac1 Rce8 33. Bxd6 Qxd6 34. Qc5 Qf6 35. Qb6 Qxb6 36. axb6 Rd8 37. Rc7 Rb8 38. Re7 Rfe8 39. Rxe8 Rxe8 40. Rc7 Rb8 41. Kf1 Kf8 42. Ke2 Ke8 43. Kd3 f5 44. f3 Kd8 45. Kc4 Rc8 46. d6 fxe4 47. fxe4 g5 48. Kd5 Rxc7 49. dxc7+ Kd7 50. Kxe5 1-0

[Event "4NCL Online Division 5"]
[Site "online"]
[Date "2021.08.24"]
[EventDate "2021.08.24"]
[Round "1.143"]
[White "Bhattacharya, Cali"]
[WhiteElo "1367"]
[WhiteTeam "MHJ Bishops"]
[Black "Elliott, Nicholas"]
[BlackElo "1861"]
[BlackTeam "QMUL A"]
[Result "0-1"]
[PlyCount "86"]

1. e4 e6 2. d4 d5 3. exd5 exd5 4. Bd3 Bd6 5. Nf3 c6 6. O-O Ne7 7. Bg5 f6 8. Bh4 O-O 9. Re1 Nf5 10. c3 Qc7 11. g3 g5 12. Qc2 Nxh4 13. gxh4 g4 14. Nfd2 Bxh2+ 15. Kh1 Bd6 16. f3 Kh8 17. Na3 Rg8 18. Rg1 Qg7 19. Bf5 Qh6 20. Rxg4 Rxg4 21. Bxg4 Qxh4+ 22. Kg2 Bxg4 23. fxg4 Qxg4+ 24. Kf2 Bg3+ 25. Kf1 Nd7 26. Nb3 Re8 27. Rd1 Qf3+ 28. Kg1 Re2 29. Qxe2 Qxe2 30. Rd2 Qe1+ 31. Kg2 Nf8 32. Nc2 Qe4+ 33. Kxg3 Ne6 34. Rf2 Ng5 35. Nc5 Qh1 36. Rxf6 Kg7 37. Rf2 Qh3+ 38. Kf4 h5 39. Ne3 Qh4+ 40. Ng4 Qxg4+ 41. Ke5 Qg3+ 42. Rf4 Nf7+ 43. Kf5 Qg6# 0-1

[Event "4NCL Online Division 5"]
[Site "online"]
[Date "2021.08.24"]
[EventDate "2021.08.24"]
[Round "1.144"]
[White "Zarzycki, Lukasz"]
[WhiteElo "1494"]
[WhiteTeam "QMUL A"]
[Black "Qiu, Calvin"]
[BlackElo "976"]
[BlackTeam "MHJ Bishops"]
[Result "1-0"]
[PlyCount "101"]

1. d4 d5 2. c4 e6 3. Nc3 Nf6 4. cxd5 exd5 5. Bg5 h6 6. Bxf6 gxf6 7. e3 Nc6 8. Qb3 Ne7 9. Bd3 Bg7 10. Nge2 c6 11. Nf4 O-O 12. Qc2 b5 13. Rc1 Re8 14. O-O a6 15. h3 Qc7 16. Ncxd5 Nxd5 17. Nxd5 Qd7 18. Qxc6 Qxc6 19. Rxc6 Bb7 20. Nxf6+ Kh8 21. Nxe8 Bxc6 22. Nxg7 Kxg7 23. Rc1 Bb7 24. Rc7 Bd5 25. b3 Rg8 26. e4 Be6 27. d5 Bc8 28. d6 Rd8 29. e5 Kf8 30. Be4 Ke8 31. Bc6+ Bd7 32. Bxd7+ Rxd7 33. Rc8+ Rd8 34. Rxd8+ Kxd8 35. f4 Kd7 36. Kf2 f6 37. Kf3 fxe5 38. fxe5 Ke6 39. Kf4 Kd7 40. Kf5 Ke8 41. Ke6 a5 42. a4 bxa4 43. bxa4 h5 44. g4 hxg4 45. hxg4 Kf8 46. d7 Kg7 47. d8=Q Kg6 48. Qf6+ Kh7 49. Qg5 Kh8 50. Kf7 Kh7 51. Qh4# 1-0

[Event "4NCL Online Division 5"]
[Site "online"]
[Date "2021.08.24"]
[EventDate "2021.08.24"]
[Round "1.151"]
[White "Taylor, Robert K"]
[WhiteElo "1973"]
[WhiteTeam "Sheffield Uni '70s graduates"]
[Black "Lamb, Ian"]
[BlackElo "1638"]
[BlackTeam "Bolton and Worsley 2"]
[Result "1-0"]
[PlyCount "53"]

1. e4 d5 2. exd5 Qxd5 3. Nc3 Qd6 4. d4 Nf6 5. Nf3 c6 6. g3 g6 7. Bg2 Bg7 8. O-O O-O 9. Bf4 Qb4 10. Qd2 Nbd7 11. a3 Qa5 12. Rfe1 e6 13. Ne5 Nd5 14. Nxd5 Qxd2 15. Ne7+ Kh8 16. Bxd2 Nxe5 17. dxe5 Bd7 18. Bg5 f6 19. exf6 Bxf6 20. Bxf6+ Rxf6 21. Rad1 Rd8 22. Bh3 Rf7 23. Rxe6 Bxe6 24. Rxd8+ Kg7 25. Bxe6 Rxe7 26. Rd7 Rxd7 27. Bxd7 1-0

[Event "4NCL Online Division 5"]
[Site "online"]
[Date "2021.08.24"]
[EventDate "2021.08.24"]
[Round "1.152"]
[White "Lane, Anthony J"]
[WhiteElo "1711"]
[WhiteTeam "Bolton and Worsley 2"]
[Black "Beckett, Phill"]
[BlackElo "1826"]
[BlackTeam "Sheffield Uni '70s graduates"]
[Result "1/2-1/2"]
[PlyCount "39"]

1. e4 e5 2. Bc4 Nf6 3. Nc3 d6 4. d3 Be7 5. h3 Nc6 6. Nge2 Na5 7. Bb3 O-O 8. Ng3 Nxb3 9. axb3 d5 10. exd5 Nxd5 11. Nxd5 Qxd5 12. O-O b6 13. Qe2 Bb7 14. Qe4 Qxe4 15. dxe4 Rfd8 16. Be3 a5 17. f3 g6 18. Rfd1 Rxd1+ 19. Rxd1 Rd8 20. Rxd8+ 1/2-1/2

[Event "4NCL Online Division 5"]
[Site "online"]
[Date "2021.08.24"]
[EventDate "2021.08.24"]
[Round "1.153"]
[White "Grobler, David"]
[WhiteElo "1664"]
[WhiteTeam "Sheffield Uni '70s graduates"]
[Black "Busznyak, Arpad"]
[BlackElo "1602"]
[BlackTeam "Bolton and Worsley 2"]
[Result "1-0"]
[PlyCount "43"]

1. e4 e5 2. Nf3 Nc6 3. Bb5 Bc5 4. c3 Nf6 5. O-O Nxe4 6. Qe2 Nd6 7. Bxc6 O-O 8. Qxe5 Bxf2+ 9. Rxf2 dxc6 10. Qf4 h6 11. d4 Be6 12. b3 Qd7 13. Ba3 Rfe8 14. Bxd6 cxd6 15. Nbd2 Re7 16. Ne4 Rd8 17. Raf1 Qc7 18. g4 Qd7 19. g5 Bd5 20. Nf6+ gxf6 21. gxf6 Re4 22. Rg2+ 1-0

[Event "4NCL Online Division 5"]
[Site "online"]
[Date "2021.08.24"]
[EventDate "2021.08.24"]
[Round "1.154"]
[White "Houlston, Michael"]
[WhiteElo "1435"]
[WhiteTeam "Bolton and Worsley 2"]
[Black "Varjian, Gary"]
[BlackElo "1388"]
[BlackTeam "Sheffield Uni '70s graduates"]
[Result "0-1"]
[PlyCount "84"]

1. e4 d6 2. Bc4 Nf6 3. Nc3 Nbd7 4. d4 e5 5. Nf3 h6 6. Nh4 c6 7. Qf3 Nb6 8. Bxf7+ Kxf7 9. O-O Bg4 10. Qg3 Qd7 11. f3 h5 12. Ne2 Kg8 13. fxg4 hxg4 14. Nf5 Nxe4 15. Qxg4 Nf6 16. Qg6 Qe8 17. Qxe8 Rxe8 18. Nxd6 Bxd6 19. c3 Ne4 20. dxe5 Bc5+ 21. Nd4 Rxe5 22. Be3 Reh5 23. h3 Nc4 24. Rad1 Nxe3 25. Rf4 Nxd1 26. Rxe4 Bxd4+ 27. Rxd4 Rd5 28. Re4 Rd7 29. Re8+ Kh7 30. Re4 Rf8 31. Rh4+ Kg8 32. Rb4 Ne3 33. b3 Rd1+ 34. Kh2 Rf2 35. Kg3 Rdd2 36. Rxb7 Nf5+ 37. Kg4 Nh6+ 38. Kh4 Rxg2 39. Rxa7 Nf5+ 40. Kh5 Kh7 41. Ra5 Rd6 42. Rxf5 Rh6# 0-1

[Event "4NCL Online Division 5"]
[Site "online"]
[Date "2021.08.24"]
[EventDate "2021.08.24"]
[Round "1.161"]
[White "Leigh, Dominic"]
[WhiteElo "1721"]
[WhiteTeam "Hackney Spice Boys"]
[Black "Brusey, Alan W"]
[BlackElo "2056"]
[BlackTeam "Jurassic Coast A"]
[Result "1/2-1/2"]
[PlyCount "92"]

1. d4 d5 2. c4 Nc6 3. Nf3 Bg4 4. e3 e5 5. dxe5 dxc4 6. Qxd8+ Rxd8 7. Bxc4 Nxe5 8. Be2 Nd3+ 9. Bxd3 Rxd3 10. O-O Bxf3 11. gxf3 Nf6 12. Nc3 Bb4 13. Rd1 Rxd1+ 14. Nxd1 O-O 15. a3 Rd8 16. Nc3 Bxc3 17. bxc3 Rd1+ 18. Kg2 Nd5 19. c4 Nb6 20. Rb1 f6 21. c5 Na4 22. Rb4 Nxc5 23. Bb2 Nd3 24. Rxb7 Rb1 25. Rxc7 Rxb2 26. Rxa7 Rxf2+ 27. Kg3 Re2 28. Re7 Ne5 29. f4 Rxe3+ 30. Kg2 Nc4 31. Rxe3 Nxe3+ 32. Kf3 Nc4 33. a4 Kf7 34. Ke4 Ke6 35. Kd4 Na5 36. Kc5 Kf5 37. Kb5 Nb7 38. Kb6 Nd6 39. Kc5 Nc8 40. a5 Kxf4 41. a6 Ke3 42. Kc6 f5 43. Kb7 Nd6+ 44. Kc6 Nc8 45. Kb7 Nd6+ 46. Kc6 Nc8 1/2-1/2

[Event "4NCL Online Division 5"]
[Site "online"]
[Date "2021.08.24"]
[EventDate "2021.08.24"]
[Round "1.162"]
[White "Keen, Charles E"]
[WhiteElo "1780"]
[WhiteTeam "Jurassic Coast A"]
[Black "Morgan, Marc"]
[BlackElo "1625"]
[BlackTeam "Hackney Spice Boys"]
[Result "1/2-1/2"]
[PlyCount "106"]

1. e4 c5 2. Nf3 d6 3. c3 Nf6 4. Bc4 e6 5. Qe2 Nc6 6. O-O Be7 7. Bb3 O-O 8. d4 cxd4 9. cxd4 Bd7 10. Nc3 Rc8 11. Be3 a6 12. h3 b5 13. e5 Ne8 14. Ne4 d5 15. Nc5 Bxc5 16. dxc5 f6 17. exf6 Nxf6 18. Rad1 Qe7 19. Rfe1 Na5 20. Bc2 Nc4 21. b4 a5 22. bxa5 Nxe3 23. Qxe3 Rxc5 24. Bb3 b4 25. Ne5 Bc8 26. Nd3 Rxa5 27. Qb6 Ra7 28. Qxb4 Qxb4 29. Nxb4 Rc7 30. Nd3 Ne4 31. f3 Nc5 32. Nxc5 Rxc5 33. Re5 Kf7 34. f4 h6 35. g4 Kf6 36. h4 g6 37. g5+ Kg7 38. Rd4 h5 39. Kf2 Rc3 40. Re3 Rc1 41. Re1 Rxe1 42. Kxe1 Bd7 43. Kd2 Rc8 44. Rb4 Kf8 45. Bc2 Be8 46. Rb6 Ke7 47. Rb7+ Kf8 48. Ra7 Rc4 49. Ra8 Kf7 50. Ra7+ Kf8 51. Ra8 Kf7 52. Ra7+ Kf8 53. Ra8 Kf7 1/2-1/2

[Event "4NCL Online Division 5"]
[Site "online"]
[Date "2021.08.24"]
[EventDate "2021.08.24"]
[Round "1.163"]
[White "Saunois, Anthony"]
[WhiteElo "1400"]
[WhiteTeam "Hackney Spice Boys"]
[Black "Timbrell, Matthew"]
[BlackElo "1634"]
[BlackTeam "Jurassic Coast A"]
[Result "0-1"]
[PlyCount "62"]

1. d4 d5 2. e3 Nf6 3. c4 c6 4. Nc3 g6 5. Bd3 Bg7 6. f3 O-O 7. Nge2 Nbd7 8. O-O e5 9. Bd2 Re8 10. Ng3 exd4 11. exd4 dxc4 12. Bxc4 Nb6 13. Bd3 Qxd4+ 14. Kh1 Qxd3 15. Re1 Rxe1+ 16. Qxe1 Be6 17. Rd1 Qd7 18. Bf4 Qe8 19. Nce4 Nxe4 20. Qxe4 Bd5 21. Qxe8+ Rxe8 22. b3 Nd7 23. h3 Nf8 24. Rb1 Bc3 25. Kh2 Re1 26. Rxe1 Bxe1 27. Ne2 Ne6 28. Bb8 a6 29. g3 Bxf3 30. Ng1 Bd1 31. Nf3 Bxf3 0-1

[Event "4NCL Online Division 5"]
[Site "online"]
[Date "2021.08.24"]
[EventDate "2021.08.24"]
[Round "1.164"]
[White "Gouveia Wasques, Danilo"]
[WhiteElo "1705"]
[WhiteTeam "Jurassic Coast A"]
[Black "Wouters, Olivier"]
[BlackElo "1347"]
[BlackTeam "Hackney Spice Boys"]
[Result "1-0"]
[PlyCount "107"]

1. e4 c5 2. Nf3 Nc6 3. d4 cxd4 4. Nxd4 e5 5. Nb5 a6 6. Nd6+ Bxd6 7. Qxd6 Qe7 8. Qc7 Nf6 9. Nc3 O-O 10. Bg5 h6 11. Bh4 g5 12. Bg3 d6 13. Qb6 Qd8 14. Qe3 Nd4 15. O-O-O b5 16. Bd3 Be6 17. f4 Ng4 18. Qg1 f6 19. h3 Ne3 20. Qxe3 Qb6 21. Bf2 Rfc8 22. fxg5 fxg5 23. Kb1 Qa5 24. Nd5 Ra7 25. c3 Nc6 26. Bc2 Rb7 27. Bb3 Kg7 28. h4 g4 29. h5 b4 30. c4 Nd4 31. Rxd4 exd4 32. Qxd4+ Kg8 33. Bh4 Rf7 34. Ne7+ Rxe7 35. Bxe7 Qe5 36. Qxe5 dxe5 37. c5 Bxb3 38. axb3 Kf7 39. Bd6 Ke6 40. Kc2 Rg8 41. Kd2 Rg7 42. Kd3 Rf7 43. Ke2 Rf6 44. Ke3 Rf7 45. Ra1 Ra7 46. Ra5 Kd7 47. Bf8 Ke6 48. Bxh6 Rh7 49. g3 Kd7 50. Rxa6 Kc7 51. Rg6 Kd7 52. Rg7+ Rxg7 53. Bxg7 Kc6 54. h6 1-0

[Event "4NCL Online Division 5"]
[Site "online"]
[Date "2021.08.24"]
[EventDate "2021.08.24"]
[Round "1.171"]
[White "Hany Kamal, Mohamed"]
[WhiteElo "1718"]
[WhiteTeam "Anglian Avengers 3"]
[Black "Pereira, Nolan"]
[BlackElo "1906"]
[BlackTeam "Colchester JFF A"]
[Result "1-0"]
[PlyCount "85"]

1. d4 d5 2. c4 e6 3. Nc3 Nf6 4. cxd5 exd5 5. Bg5 Be7 6. Qc2 h6 7. Bh4 O-O 8. e3 Ne4 9. Bxe7 Qxe7 10. Nxd5 Qh4 11. Nf3 Qg4 12. Ne5 Qh4 13. g3 Qd8 14. Qxe4 Bf5 15. Qf3 c6 16. Nc3 Be6 17. Bc4 Qb6 18. Bxe6 fxe6 19. Qe2 c5 20. O-O cxd4 21. exd4 Qxd4 22. Rad1 Qb6 23. Nd7 Nxd7 24. Rxd7 Rad8 25. Rxd8 Rxd8 26. Rd1 Re8 27. Qb5 Qxb5 28. Nxb5 a6 29. Nc3 Re7 30. Rd6 Kf7 31. Ne4 Rc7 32. Rb6 Ke7 33. Kg2 Rd7 34. Nc5 Rd2 35. Rxb7+ Kf6 36. Nxa6 g5 37. a4 Rd6 38. Nc5 Rc6 39. b4 Ke5 40. a5 Kd5 41. a6 Rc8 42. Nd7 Kc6 43. b5+ 1-0

[Event "4NCL Online Division 5"]
[Site "online"]
[Date "2021.08.24"]
[EventDate "2021.08.24"]
[Round "1.172"]
[White "Rida, Ruqayyah"]
[WhiteElo "1655"]
[WhiteTeam "Colchester JFF A"]
[Black "Stephens, Robert Wynn"]
[BlackElo "1776"]
[BlackTeam "Anglian Avengers 3"]
[Result "1-0"]
[PlyCount "123"]

1. e4 g6 2. d4 Bg7 3. Nf3 d6 4. Nc3 a6 5. Be3 Nf6 6. Qd2 h6 7. h3 b5 8. Bd3 Bb7 9. a3 Nbd7 10. O-O c5 11. d5 c4 12. Be2 Nc5 13. Bxc5 dxc5 14. Qe3 Qc7 15. Rad1 Rd8 16. Rfe1 O-O 17. Nh2 Nh5 18. Bf3 Nf4 19. e5 g5 20. d6 exd6 21. exd6 Rxd6 22. Rxd6 Bxf3 23. Qe7 Qxe7 24. Rxe7 Bxg2 25. Ng4 Bxh3 26. Nxh6+ Kh7 27. Nxf7 Ne6 28. Ne4 Bf5 29. Nexg5+ Nxg5 30. Nxg5+ Kg8 31. Ne6 Bxe6 32. Rexe6 Bd4 33. Re2 Bxb2 34. Rxa6 Bd4 35. Rb6 Ra8 36. Rxb5 Rxa3 37. Kg2 Ra7 38. Rb8+ Kf7 39. Rbe8 Kf6 40. Kg3 Kf5 41. Rf8+ Kg6 42. Rc8 Kf5 43. c3 Ra3 44. Rc2 Be5+ 45. Kg2 Bd6 46. Rc6 Ke5 47. Rb6 Bf8 48. Kg3 Kf5 49. f4 Ke4 50. Kg4 Kd3 51. Rbb2 Bg7 52. Rh2 Bxc3 53. Rh3+ Kd4 54. Rc2 Bb4 55. Rxa3 Bxa3 56. f5 Kd3 57. Ra2 Bc1 58. f6 c3 59. Kh5 c2 60. Rxc2 Kxc2 61. f7 Ba3 62. f8=Q 1-0

[Event "4NCL Online Division 5"]
[Site "online"]
[Date "2021.08.24"]
[EventDate "2021.08.24"]
[Round "1.173"]
[White "Smyth, Pete"]
[WhiteElo "1743"]
[WhiteTeam "Anglian Avengers 3"]
[Black "Catabay, Mae Katelyn Rose"]
[BlackElo "1586"]
[BlackTeam "Colchester JFF A"]
[Result "0-1"]
[PlyCount "126"]

1. e4 e5 2. Nf3 Nf6 3. Nc3 Nc6 4. d4 exd4 5. Nxd4 Bc5 6. Nxc6 bxc6 7. Bg5 Be7 8. f4 d6 9. Qd3 O-O 10. O-O-O Ng4 11. Bxe7 Qxe7 12. Qf3 f5 13. h3 fxe4 14. Nxe4 Ne5 15. Qe3 Ng6 16. Re1 Nxf4 17. Qc3 d5 18. Nc5 Qd6 19. g3 Ne6 20. Nb3 c5 21. Be2 Bb7 22. Rhg1 d4 23. Qd3 Bd5 24. Nd2 Rab8 25. b3 Qb6 26. Nc4 Qa6 27. Kb2 c6 28. Nd2 Qb6 29. Nc4 Qb5 30. Nd2 a5 31. c4 dxc3+ 32. Qxc3 Qb6 33. Nc4 Qb4 34. Nxa5 Nd4 35. Qxb4 cxb4 36. Bc4 Bxc4 37. Nxc4 Nf3 38. Ref1 Nxg1 39. Rxg1 Rf2+ 40. Kb1 Ra8 41. Nb2 Raf8 42. Nd3 Rf1+ 43. Rxf1 Rxf1+ 44. Kc2 Rf3 45. Nxb4 Rxg3 46. Nxc6 Rxh3 47. b4 g5 48. b5 Ra3 49. Kb2 Ra8 50. Kb3 g4 51. a4 g3 52. Ne5 g2 53. Nf3 h5 54. b6 h4 55. Ng1 Kf7 56. Kb4 Ke7 57. Kb5 Kd7 58. a5 Rh8 59. a6 Rh5+ 60. Kc4 Kc6 61. b7 Kc7 62. Kd3 h3 63. b8=Q+ Kxb8 0-1

[Event "4NCL Online Division 5"]
[Site "online"]
[Date "2021.08.24"]
[EventDate "2021.08.24"]
[Round "1.174"]
[White "Kanellopoulos, Nikolas"]
[WhiteElo "1478"]
[WhiteTeam "Colchester JFF A"]
[Black "Paez, Alonso"]
[BlackElo "1599"]
[BlackTeam "Anglian Avengers 3"]
[Result "0-1"]
[PlyCount "40"]

1. e4 c6 2. d4 d5 3. exd5 cxd5 4. Nc3 Bf5 5. Nf3 e6 6. Bb5+ Nc6 7. Ne5 Ne7 8. O-O a6 9. Ba4 b5 10. Bb3 Nxe5 11. dxe5 Nc6 12. Re1 Bc5 13. Be3 d4 14. Qf3 Nxe5 15. Qf4 dxe3 16. Qxe5 exf2+ 17. Kf1 fxe1=Q+ 18. Rxe1 Qd4 19. Qxf5 Qg1+ 20. Ke2 exf5 0-1

[Event "4NCL Online Division 5"]
[Site "online"]
[Date "2021.08.24"]
[EventDate "2021.08.24"]
[Round "1.181"]
[White "Moore, Gillian A"]
[WhiteElo "1707"]
[WhiteTeam "Wessex Some Stars F"]
[Black "Kerrane, John"]
[BlackElo "1673"]
[BlackTeam "Hebden Bridge 3"]
[Result "1-0"]
[PlyCount "121"]

1. d4 d5 2. Nc3 Nf6 3. Bf4 e6 4. e3 c6 5. Bd3 Be7 6. Qf3 Nbd7 7. O-O-O O-O 8. Nge2 b5 9. Ng3 a5 10. e4 a4 11. e5 Ne8 12. Nce2 b4 13. Bd2 Qb6 14. c4 bxc3 15. Bxc3 Bb4 16. Bc2 Rb8 17. Bxb4 Qxb4 18. Qc3 Qb5 19. Qa3 Nb6 20. Nc3 Qa5 21. Bd3 Nc7 22. Rhe1 Nb5 23. Nxb5 cxb5 24. b4 Qa6 25. Bb1 Bd7 26. Qd3 g6 27. Rd2 Rfc8+ 28. Kd1 Rc4 29. a3 Rbc8 30. Rc2 Rxc2 31. Bxc2 Rc4 32. Nf1 Qc8 33. Re3 Rc7 34. Nd2 Nc4 35. Nxc4 Rxc4 36. Kd2 Qd8 37. g3 Qg5 38. h4 Qg4 39. f4 Kg7 40. Bb1 Qh3 41. Re2 Qf1 42. Bc2 Qa1 43. Re1 Qxd4 44. Qxd4 Rxd4+ 45. Kc3 Rc4+ 46. Kd3 Rc7 47. Kd2 Kf8 48. Re3 Ke8 49. Bd3 Kf8 50. Be2 Kg7 51. Rc3 Rxc3 52. Kxc3 f6 53. Kd4 h6 54. Kc5 Be8 55. Kd6 Kf7 56. Kc5 g5 57. Bxb5 Bxb5 58. Kxb5 fxe5 59. fxe5 Kg6 60. Kc5 Kf5 61. Kd4 1-0

[Event "4NCL Online Division 5"]
[Site "online"]
[Date "2021.08.24"]
[EventDate "2021.08.24"]
[Round "1.182"]
[White "Blinkhorn, Joshua"]
[WhiteElo "1571"]
[WhiteTeam "Hebden Bridge 3"]
[Black "Doyle, Jamie"]
[BlackElo "1684"]
[BlackTeam "Wessex Some Stars F"]
[Result "1-0"]
[PlyCount "61"]

1. e4 e5 2. Nf3 Nc6 3. Bc4 Bc5 4. O-O Nf6 5. d4 Bxd4 6. Nxd4 Nxd4 7. f4 d6 8. fxe5 dxe5 9. Bg5 Qd6 10. Bxf6 gxf6 11. c3 Qb6 12. cxd4 Qxb2 13. Nd2 Qxd4+ 14. Rf2 Bg4 15. Qf1 O-O 16. Kh1 Bh5 17. Re1 Rad8 18. Nb3 Qc3 19. Rxf6 Rd6 20. Rxd6 cxd6 21. Bd5 b5 22. Rc1 Qb4 23. Qe1 Qa3 24. Qa5 Qb2 25. Qxa7 Kh8 26. Qe7 Kg8 27. Qxd6 Bg6 28. Qf6 Rb8 29. Rf1 Rf8 30. Na5 Qe2 31. Nc6 1-0

[Event "4NCL Online Division 5"]
[Site "online"]
[Date "2021.08.24"]
[EventDate "2021.08.24"]
[Round "1.183"]
[White "Blanden, Edward"]
[WhiteElo "1657"]
[WhiteTeam "Wessex Some Stars F"]
[Black "Marsden, Christopher"]
[BlackElo "1599"]
[BlackTeam "Hebden Bridge 3"]
[Result "1-0"]
[PlyCount "107"]

1. c4 e5 2. g3 c6 3. Nf3 e4 4. Nd4 d5 5. cxd5 cxd5 6. Bg2 Nf6 7. d3 Bc5 8. Nb3 Qb6 9. Nxc5 Qxc5 10. Nc3 Bf5 11. d4 Qb6 12. O-O Nc6 13. e3 O-O 14. f3 Ne7 15. fxe4 Bxe4 16. Nxe4 Nxe4 17. Qd3 Qg6 18. Bxe4 Qxe4 19. Qxe4 dxe4 20. Bd2 Nd5 21. Rf5 Rad8 22. Rc1 g6 23. Rff1 Kg7 24. Rc5 b6 25. Rc4 h5 26. Rfc1 g5 27. a4 f5 28. Rf1 Rf6 29. a5 Rdd6 30. Kf2 Kg6 31. Ke2 Rf7 32. Rfc1 Rdf6 33. axb6 axb6 34. Rc6 Kg7 35. Rxf6 Rxf6 36. Rc8 Rd6 37. b3 g4 38. Bc1 Rd7 39. Ra8 b5 40. Rb8 b4 41. Bd2 Nc3+ 42. Bxc3 bxc3 43. Rc8 c2 44. Rxc2 Rb7 45. Rb2 Kf6 46. Kd2 Kg5 47. b4 h4 48. Kc3 f4 49. exf4+ Kf5 50. b5 e3 51. Kd3 Re7 52. b6 hxg3 53. hxg3 Rb7 54. Kxe3 1-0

[Event "4NCL Online Division 5"]
[Site "online"]
[Date "2021.08.24"]
[EventDate "2021.08.24"]
[Round "1.184"]
[White "Catlow, Robert"]
[WhiteElo "1411"]
[WhiteTeam "Hebden Bridge 3"]
[Black "Hillman, Graham"]
[BlackElo "1631"]
[BlackTeam "Wessex Some Stars F"]
[Result "1-0"]
[PlyCount "95"]

1. d4 Nf6 2. c4 c5 3. Nf3 cxd4 4. Nxd4 e5 5. Nb5 a6 6. Nd6+ Bxd6 7. Qxd6 Qe7 8. Qxe7+ Kxe7 9. Nc3 h6 10. Be3 d6 11. f3 Be6 12. b3 Rd8 13. Bb6 Rc8 14. e4 Nbd7 15. Be3 b5 16. Nd5+ Bxd5 17. cxd5 Ke8 18. Be2 Rc2 19. g3 b4 20. Bc4 Rc3 21. Ke2 Rc2+ 22. Bd2 Nb6 23. Kd1 Rb2 24. Kc1 Nxc4 25. bxc4 Rxd2 26. Kxd2 a5 27. a3 b3 28. a4 Rb8 29. Kc3 Nd7 30. Rhb1 Nc5 31. Ra3 Rb4 32. Rbxb3 Nxb3 33. Rxb3 Rxa4 34. Rb8+ Ke7 35. Rb7+ Kf6 36. Rd7 Ra3+ 37. Kd2 g6 38. Rxd6+ Kg7 39. c5 Rxf3 40. c6 Rf2+ 41. Kc3 Rf3+ 42. Kb2 Rf2+ 43. Kb3 Rf3+ 44. Ka4 Rf1 45. c7 Ra1+ 46. Kb5 Rc1 47. Rc6 Rb1+ 48. Ka6 1-0

[Event "4NCL Online Division 5"]
[Site "online"]
[Date "2021.08.24"]
[EventDate "2021.08.24"]
[Round "1.191"]
[White "Murray, Euan"]
[WhiteElo "1490"]
[WhiteTeam "Dundee City D"]
[Black "Jones, Humphrey C N"]
[BlackElo "1615"]
[BlackTeam "Charlton Cobras B"]
[Result "1-0"]
[PlyCount "125"]

1. e4 c5 2. Nf3 e6 3. d4 cxd4 4. Nxd4 Nc6 5. Be3 Nf6 6. Bd3 Qc7 7. Nd2 d5 8. Qf3 Bd7 9. O-O dxe4 10. Bxe4 Be7 11. c3 Ne5 12. Qg3 Nh5 13. Qh3 Nf6 14. Bf4 Bd6 15. Bxe5 Bxe5 16. N4f3 Bd6 17. Rae1 Nxe4 18. Nxe4 Bc6 19. Nd4 Bd7 20. Nxd6+ Qxd6 21. Nf5 Qf8 22. Qd3 O-O-O 23. Nd6+ Kb8 24. Nc4 Bc6 25. Qg3+ Ka8 26. Rd1 Qc5 27. Ne5 Qe7 28. Nxc6 bxc6 29. Rxd8+ Rxd8 30. Qxg7 h5 31. Qh7 h4 32. Qe4 Kb7 33. h3 f5 34. Qc4 e5 35. a4 a5 36. b4 axb4 37. cxb4 Rd4 38. Qc2 Rxb4 39. Rb1 Rxb1+ 40. Qxb1+ Ka6 41. Qxf5 Ka5 42. f4 Kxa4 43. Qxe5 Qb4 44. f5 c5 45. f6 c4 46. Qe8+ Kb3 47. Qe7 Qc3 48. f7 Qc1+ 49. Kf2 Qf4+ 50. Ke2 c3 51. f8=Q Qd2+ 52. Kf3 Qd1+ 53. Qe2 c2 54. Qb8+ Kc3 55. Qc7+ Kb2 56. Qb6+ Kc3 57. Qc5+ Kb2 58. Qb4+ Kc1 59. Qa3+ Kb1 60. Qb3+ Kc1 61. Qxd1+ cxd1=Q+ 62. Qxd1+ Kxd1 63. Kg4 1-0

[Event "4NCL Online Division 5"]
[Site "online"]
[Date "2021.08.24"]
[EventDate "2021.08.24"]
[Round "1.192"]
[White "Stebbings, Robert J"]
[WhiteElo "1607"]
[WhiteTeam "Charlton Cobras B"]
[Black "Jackson, Robert"]
[BlackElo "1575"]
[BlackTeam "Dundee City D"]
[Result "1-0"]
[PlyCount "127"]

1. c4 Nf6 2. g3 g6 3. Bg2 Bg7 4. Nc3 O-O 5. d4 d6 6. Nf3 Nbd7 7. Bf4 Re8 8. O-O c5 9. d5 a6 10. Rb1 Nb6 11. Nd2 Nfd7 12. Na4 Nxa4 13. Qxa4 Rb8 14. Qc2 b5 15. b3 b4 16. Nf3 a5 17. Bc1 Nb6 18. Bb2 f6 19. Rfe1 Bd7 20. e4 a4 21. Nd2 Qc7 22. f4 Ra8 23. Nf3 axb3 24. axb3 Ra2 25. Ra1 Rea8 26. Rxa2 Rxa2 27. Ra1 Qa7 28. Rxa2 Qxa2 29. Ne1 e6 30. Bh3 e5 31. Bxd7 Nxd7 32. Bc1 Qa1 33. Qb2 Qa7 34. fxe5 fxe5 35. Bg5 Nf8 36. Qf2 Qf7 37. Qa2 h6 38. Be3 Nh7 39. Qa8+ Qf8 40. Qc6 Nf6 41. Qc7 Nxe4 42. Qd7 Nf6 43. Qe6+ Kh7 44. g4 Ne4 45. h4 Qf6 46. Qd7 Qxh4 47. Ng2 Qg3 48. Qf7 Nc3 49. g5 h5 50. Bxc5 dxc5 51. d6 e4 52. d7 Qd6 53. Qe8 Qd1+ 54. Kh2 Be5+ 55. Qxe5 Qxd7 56. Qxc5 Na2 57. Qe3 Qb7 58. Nf4 Nc3 59. Nd5 Qb8+ 60. Kg2 Qe5 61. Qa7+ Qg7 62. Nf6+ Kh8 63. Qb8+ Qg8 64. Qxg8# 1-0